Zameranie a plánovanie personálneho a sociálneho rozvoja v 8. päťročnici na úrovni organizácie - ZŤS Ústav technológie a racionalizácie Bratislava záverečná práca postgraduálneho štúdia
Gespeichert in:
| 1. Verfasser: | |
|---|---|
| Körperschaft: | |
| Weitere Verfasser: | |
| Format: | Buch |
| Sprache: | Slowakisch |
| Veröffentlicht: |
Bratislava
1990
|
| Tags: |
Keine Tags, Fügen Sie das erste Tag hinzu!
|
MARC
| LEADER | 00000nam a2200000 4500 | ||
|---|---|---|---|
| 001 | c037944 | ||
| 005 | 20221215072000.6 | ||
| 041 | 0 | |a slo | |
| 044 | |a SK | ||
| 245 | 1 | 0 | |a Zameranie a plánovanie personálneho a sociálneho rozvoja v 8. päťročnici na úrovni organizácie - ZŤS Ústav technológie a racionalizácie Bratislava |b záverečná práca postgraduálneho štúdia |c Peter Nešpor ; Ved. práce Miroslav Tomaščín |
| 264 | 1 | |a Bratislava |c 1990 | |
| 300 | |a 43 s. | ||
| 100 | 1 | |a Nešpor, Peter | |
| 700 | 1 | |a Tomaščín, Miroslav | |
| 710 | 2 | |a Vysoká škola ekonomická v Bratislave | |